| 000 | 00989cas a22003137a 4500 | ||
|---|---|---|---|
| 005 | 20220329142319.0 | ||
| 008 | 000613 br z p rnn 0 b1pt d | ||
| 010 | _a81537 | ||
| 011 | _a82509 | ||
| 035 | _a93006 | ||
| 245 | 0 | 0 | _aAgronomía |
| 260 | 0 |
_aRío de Janeiro, Brasil : _bIniversidade Federal Rural Do Rio de Janeiro. Escola Nacional de Agronomia, _c19- |
|
| 300 | _av. | ||
| 310 | _a4 no. por año | ||
| 362 | _av.29, 1971 | ||
| 590 |
_aBATCH-UPD _b10 _c20130110 _lUCH01 _h0426 |
||
| 590 |
_aBATCH-UPD _b10 _c20130410 _lUCH01 _h0102 |
||
| 590 |
_aBATCH-UPD _b10 _c20130913 _lUCH01 _h2129 |
||
| 590 |
_aCONVERSION _b10 _c20130109 _lUCH01 _h1345 |
||
| 650 | 1 | 4 |
_aAgricultura _zBrasil _xPublicaciones periódicas. _91917 |
| 866 | _av.19 n.1-4 (1961) | ||
| 866 | _av.20 (1962) | ||
| 866 | _av.25 (1967) | ||
| 866 | _av.26 n.3-4 (1968) | ||
| 866 | _av.27 n.1-2 (1969) | ||
| 866 | _av.29 (1971) | ||
| 901 | _aSE | ||
| 905 | _aLilia Sánchez G. | ||
| 999 |
_c81537 _d81537 |
||